| 000 | 00900cab a2200241 4500 | ||
|---|---|---|---|
| 001 | WB3507-43 | ||
| 008 | 090401t1999 xxu||||| |||| 00| 0 eng d | ||
| 035 | _a(Sirsi) u91441 | ||
| 041 | _aeng | ||
| 245 | _aLong leases necessary | ||
| 260 | _c1999 | ||
| 350 | _a0 | ||
| 490 |
_aRICS Press Release _v18 February 1999 (3) |
||
| 520 | _aThe Royal Institution of Chartered Surveyors in Scotland has expressed concern to the Scottish Law Commission (SLC) over proposals to subject commercial leases to a cap in order to avoid feudal burdens. RICS Scotland claims this could have damaging implications for the commercial property market. | ||
| 650 | _aCOMMERCIAL LEASES | ||
| 650 | _aGROUND LEASES | ||
| 650 | _aLONG LEASES | ||
| 650 | _aABOUT RICS-RICS WORLDWIDE-RICS SCOTLAND | ||
| 650 | _aSCOTLAND | ||
| 690 | _aLANDLORD AND TENANT-LEASEHOLD REFORM | ||
| 942 | _n0 | ||
| 948 | _c18/02/1999 | ||
| 999 |
_c58051 _d58051 |
||